Feedback control of dynamic systems / (Record no. 179029)
[ view plain ]
| 000 -LEADER | |
|---|---|
| fixed length control field | 01082 a2200241 4500 |
| 003 - CONTROL NUMBER IDENTIFIER | |
| control field | Nust |
| 005 - DATE AND TIME OF LATEST TRANSACTION | |
| control field | 20230907124828.0 |
| 010 ## - LIBRARY OF CONGRESS CONTROL NUMBER | |
| LC control number | 2009025662 |
| 020 ## - INTERNATIONAL STANDARD BOOK NUMBER | |
| Terms of availability | 0136019692 |
| 020 ## - INTERNATIONAL STANDARD BOOK NUMBER | |
| Terms of availability | 9780136019695 |
| 040 ## - CATALOGING SOURCE | |
| Transcribing agency | Nust |
| 082 00 - DEWEY DECIMAL CLASSIFICATION NUMBER | |
| Classification number | 629.83,FRA |
| 100 1# - MAIN ENTRY--PERSONAL NAME | |
| Personal name | Franklin, Gene F. |
| 9 (RLIN) | 91744 |
| 245 10 - TITLE STATEMENT | |
| Title | Feedback control of dynamic systems / |
| Statement of responsibility, etc. | Gene Franklin, J. David Powell, Abbas Emami-Naeini. |
| 250 ## - EDITION STATEMENT | |
| Edition statement | 6th ed. |
| 260 ## - PUBLICATION, DISTRIBUTION, ETC. | |
| Place of publication, distribution, etc. | Upper Saddle River, NJ : |
| Name of publisher, distributor, etc. | Pearson Prentice Hall, |
| Date of publication, distribution, etc. | 2010. |
| 300 ## - PHYSICAL DESCRIPTION | |
| Extent | p. cm. |
| 505 ## - FORMATTED CONTENTS NOTE | |
| Formatted contents note | An Overview and Brief History of Feedback Control (Page-1), Dynamic Models (Page-20), Dynamic Response (Page-74), A First Analysis of Feedback (Page-170), The Root-Locus Design Method (Page- 220), The Frequency-Response Design Method (Page-296), State-Space Design (Page-413), Digital Control (Page-558), Nonlinear Systems (Page-599), Control System Design: Principles and Case Studies (Page-660), |
| 650 #0 - SUBJECT ADDED ENTRY--TOPICAL TERM | |
| Topical term or geographic name entry element | Telecommunication Engineering |
| 700 1# - ADDED ENTRY--PERSONAL NAME | |
| Personal name | Emami-Naeini, Abbas. |
| 9 (RLIN) | 99439 |
| 700 1# - ADDED ENTRY--PERSONAL NAME | |
| Personal name | Powell, J. David, |
| Dates associated with a name | 1938- |
| 9 (RLIN) | 99440 |
| 942 ## - ADDED ENTRY ELEMENTS (KOHA) | |
| Source of classification or shelving scheme | |
| Koha item type | Reference |
| Withdrawn status | Lost status | Source of classification or shelving scheme | Damaged status | Not for loan | Permanent Location | Current Location | Shelving location | Date acquired | Full call number | Barcode | Date last seen | Price effective from | Koha item type | Public note |
|---|---|---|---|---|---|---|---|---|---|---|---|---|---|---|
| Military College of Signals (MCS) | Military College of Signals (MCS) | Reference | 12/12/2016 | 629.83,FRA | MCS34594 | 12/08/2016 | 12/12/2016 | Reference | Almirah No.24, Shelf No.3 |
